After Bush : (Record no. 11328)
[ view plain ]
| 000 -LEADER | |
|---|---|
| fixed length control field | 01373cam a2200337 a 4500 |
| 001 - CONTROL NUMBER | |
| control field | 15324963 |
| 005 - DATE AND TIME OF LATEST TRANSACTION | |
| control field | 20080613144507.0 |
| 008 - FIXED-LENGTH DATA ELEMENTS--GENERAL INFORMATION | |
| fixed length control field | 080611s2008 enka b 001 0 eng |
| 010 ## - LIBRARY OF CONGRESS CONTROL NUMBER | |
| LC control number | 2008273993 |
| 015 ## - NATIONAL BIBLIOGRAPHY NUMBER | |
| National bibliography number | GBA825168 |
| Source | bnb |
| 016 7# - NATIONAL BIBLIOGRAPHIC AGENCY CONTROL NUMBER | |
| Record control number | 014536995 |
| Source | Uk |
| 020 ## - INTERNATIONAL STANDARD BOOK NUMBER | |
| International Standard Book Number | 9780521880046 (hbk.) |
| 020 ## - INTERNATIONAL STANDARD BOOK NUMBER | |
| International Standard Book Number | 0521880041 (hbk.) |
| 035 ## - SYSTEM CONTROL NUMBER | |
| System control number | (OCoLC)ocn182563666 |
| 040 ## - CATALOGING SOURCE | |
| Original cataloging agency | UKM |
| Transcribing agency | UKM |
| Modifying agency | YDXCP |
| -- | BTCTA |
| -- | BAKER |
| -- | C#P |
| -- | BWX |
| -- | BWK |
| -- | DLC |
| 042 ## - AUTHENTICATION CODE | |
| Authentication code | lccopycat |
| 043 ## - GEOGRAPHIC AREA CODE | |
| Geographic area code | n-us--- |
| 050 00 - LIBRARY OF CONGRESS CALL NUMBER | |
| Classification number | JZ1480 |
| Item number | .L96 2008 |
| 082 04 - DEWEY DECIMAL CLASSIFICATION NUMBER | |
| Classification number | 327.73009051 |
| Edition number | 22 |
| Item number | LYN |
| 100 1# - MAIN ENTRY--PERSONAL NAME | |
| Personal name | Lynch, Timothy J., |
| Dates associated with a name | 1969- |
| 9 (RLIN) | 3838 |
| 245 10 - TITLE STATEMENT | |
| Title | After Bush : |
| Remainder of title | the case for continuity in American foreign policy / |
| Statement of responsibility, etc | Timothy J. Lynch and Robert S. Singh. |
| 260 ## - PUBLICATION, DISTRIBUTION, ETC. (IMPRINT) | |
| Place of publication, distribution, etc | Cambridge ; |
| -- | New York : |
| Name of publisher, distributor, etc | Cambridge University Press, |
| Date of publication, distribution, etc | 2008. |
| 300 ## - PHYSICAL DESCRIPTION | |
| Extent | xii, 382 p. : |
| Other physical details | ill. ; |
| Dimensions | 24 cm. |
| 504 ## - BIBLIOGRAPHY, ETC. NOTE | |
| Bibliography, etc | Includes bibliographical references (p. 343-370) and index. |
| 650 #0 - SUBJECT ADDED ENTRY--TOPICAL TERM | |
| Topical term or geographic name as entry element | War on Terrorism, 2001- |
| 9 (RLIN) | 3839 |
| 651 #0 - SUBJECT ADDED ENTRY--GEOGRAPHIC NAME | |
| Geographic name | United States |
| General subdivision | Foreign relations |
| Chronological subdivision | 2001- |
| 9 (RLIN) | 3840 |
| 700 1# - ADDED ENTRY--PERSONAL NAME | |
| Personal name | Singh, Robert. |
| 9 (RLIN) | 3841 |
| 942 ## - ADDED ENTRY ELEMENTS (KOHA) | |
| Source of classification or shelving scheme | Dewey Decimal Classification |
| Item type | Book - Borrowing |
| Withdrawn status | Item status | Source of classification or shelving scheme | Damaged status | Not for loan | Vendor | Home library | Current library | Shelving location | Date acquired | Source of acquisition | Cost, normal purchase price | Serial Enumeration / chronology | Total Checkouts | Total Renewals | Full call number | Barcode | Date last seen | Date last borrowed | Koha item type |
|---|---|---|---|---|---|---|---|---|---|---|---|---|---|---|---|---|---|---|---|
| Dewey Decimal Classification | Academic Bookshop | Central Library | Central Library | First floor | 16/04/2009 | 208.00 | 6994 | 15 | 122 | 327.73009051 LYN | 000015944 | 15/07/2025 | 01/03/2020 | Book - Borrowing |